LEADER 01171nam a2200253 u 4500 001 000000114367 003 CaOOAMICUS 005 20090127171535.0 008 090127s2008 it u000 u ita r 020 $z978-88-348-8538-3* 040 $aPUL$bita$dLDB 100 1 $aCassandro, Michele.$0(OLS)http://pul/name/70567 245 10$aIntolleranza e accettazione :$bgli Ebrei nei secoli XIV-XVIII : lineamenti di una storia economica e sociale /$cMichele Cassandro. 250 $a2. ed. 260 $aTorino :$bGiappichelli,$cc2008. 300 $axi, 320 p. ;$c24 cm. 504 $aBibliografia : p. [273]-297. 650 4$aEbrei$zItalia$ySec. XIV-XVIII.$0(OLS)http://pul/subject/33974 850 $aPUL 852 $aPUL$W1$xSL Cons. Gen., Altre Classi 3$y75$m945. 004 CASMI 1$j130689$qDDC 21$B129766$CPULBib$Z2$F129766 $H109333 $82 941 1 $a9 996 $6020$z978-88-348-8538-3*$9(OLS)http://pul/number/139527 996 $6245$aIntolleranza e accettazione :$bgli Ebrei nei secoli XIV-XVIII : lineamenti di una storia economica e sociale$9(OLS)http://pul/title/143732 996 $6260$aTorino :$bGiappichelli$9(OLS)http://pul/publisher/48244 LEADER 01456nam a2200301 a 4500 001 000000120403 003 CaOOAMICUS 005 20100301123616.0 008 100301t2009 it c u000 u ita r 020 $a978-88-308-1020-4 040 $aPUL$bita$dReb 100 1 $aRaimondi, Enzo.$0(OLS)http://pul/name/75314 245 13$aLa chiesa nella storia :$bl'esercizio storico-teologico di Antonio Acerbi nel solco del Vaticano II /$cEnzo Raimondi. 260 $aAssisi :$bCittadella,$c©2009. 300 $a409 p. :$b1 ritr. ;$c21 cm. 490 1 $aStudi e ricerche. Sezione teologica 504 $aBibliografia : p. [393]-406. 600 14$aAcerbi, Antonio,$csac.,$d1935-2004.$0(OLS)http://pul/subject/36522 611 24$aConcilium Vaticanum$n(2 :$d1962-1965).$0(OLS)http://pul/subject/71 650 4$aEcclesiologia.$0(OLS)http://pul/subject/22628 830 0$aStudi e ricerche (Cittadella).$pSezione teologica.$0(OLS)http://pul/title/143126 850 $aPUL 852 $aPUL$W1$xSL Religione 3$y85$m270 RAIEN 1$j138036$qDDC 21$B137220$CPULBib$Z2$F137220 $H112922 $82 941 1 $a9 960 $aConcilio Vaticano II (1962-1965)$971 996 $6020$a978-88-308-1020-4$9(OLS)http://pul/number/143451 996 $6245$aLa chiesa nella storia :$bl'esercizio storico-teologico di Antonio Acerbi nel solco del Vaticano II$9(OLS)http://pul/title/151431 996 $6260$aAssisi :$bCittadella$9(OLS)http://pul/publisher/49668 LEADER 01479nam a2200289 a 4500 001 000000150883 003 CaOOAMICUS 005 20160331124523.0 006 a 000 u 008 160331s2015 it m 001 u ita r 032 $aLibriCat 040 $aPUL$bita 100 1 $aTrofimov, Denys,$co.s.b.m.,$d1979-$0(OLS)http://pul/name/93909 245 12$aI dibattiti sul fuoco purgatorio al Concilio di Ferrara-Firenze (1438-1439) come culmine della controversia sulla sorte dei defunti tra Oriente e Occidente /$cDenys Trofimov (P.Panteleimon, OSBM) 260 $aRoma :$b[s.n.],$c2015. 300 $a238 p.$c24 cm 502 $aEstratto da Tesi di Dottorato in Teologia--Pontificia Universitą Gregoriana, 2015. 504 $aBibliografia : p. [167]-230. 611 24$aConcilium Florentinum (1438-1445)$xPurgatorio.$0(OLS)http://pul/subject/42412 650 4$aPurgatorio$ySec. XV.$0(OLS)http://pul/subject/42423 710 2 $aPontificia Universitą Gregoriana.$bFacoltą di teologia.$kTesi.$0(OLS)http://pul/name/81592 850 $aPUL 852 $aPUL$W1$xDP1 Tesi Pon. Univ. Gregoriana$y40$m2015 B 22$j173279$qTesi$B175492$CPULBib$Z2$F175492 $82 941 1 $a16 996 $6245$aI dibattiti sul fuoco purgatorio al Concilio di Ferrara-Firenze (1438-1439) come culmine della controversia sulla sorte dei defunti tra Oriente e Occidente$9(OLS)http://pul/title/185489 996 $6260$aRoma :$b[s.n.]$9(OLS)http://pul/publisher/47958